Visualizzazione normale
Vista MARC
- Ed Parish Sanders
di Personal Name
Records bibliografici associati: 1
001 - CONTROL NUMBER
- control field: 58475
003 - CONTROL NUMBER IDENTIFIER
- control field:
005 - DATE AND TIME OF LATEST TRANSACTION
- control field: 20200910161937.0
008 - FIXED-LENGTH DATA ELEMENTS
- fixed length control field: 200910|| aca||aabn | a|a d
040 ## - CATALOGING SOURCE
- Original cataloging agency:
- Transcribing agency:
100 ## - HEADING--PERSONAL NAME
- Personal name: Ed Parish Sanders
670 ## - SOURCE DATA FOUND
- Source citation: Work cat.: ()339331: Ed Parish Sanders , Paolo, la legge e il popolo giudaico, 1989